000 02410cam a2200373 i 4500
001 768714001
003 CO-MdFUSB
005 20210326124150.0
007 ta
008 090511t2009 miub b 001 0 eng
020 _a9780801026768
020 _z9781441258014
_q(electronic bk.)
040 _aDLC
_beng
_cCO-MdFUSB
_dCO-MdFUSB
_erda
041 _aeng
082 _223
_a225.7
_bB167
100 1 _aMcCartney, Dan.
_eautor
245 1 0 _aJames
_c/ Dan G. McCartney.
264 1 _aGrand Rapids, Mich. :
_bBaker Academic,
_c[2009]
264 4 _c© 2009
300 _a335 páginas :
_bmapas ;
_c24 cm
336 _atexto
_btxt
_2rdacontent.
337 _asin mediación
_bn
_2rdamedia.
338 _avolumen
_bnc
_2rdacarrier.
490 1 _aBaker exegetical commentary on the New Testament.
504 _aIncluye referencias bibliográficas (páginas 301-311)
505 _aIntroducción a Santiago - Saludo (1: 1) - Resumen de la vida de fe (1: 2-27) - Fe y sabiduría (1: 2-8) - Orgullo y riqueza (1: 9-12) - Fe y prueba (1: 13-18) - Hacer la palabra de Dios (1: 19-25) - Religión verdadera (1: 26-27) - Primer discurso: fe y comportamiento (2: 1-26) - Parte 1: fe, favoritismo y ley (2: 1-13) - Parte 2: fe y obras (2: 14-26) - Segundo discurso: fe, sabiduría y ética del habla (3: 1-18) - Parte 1: maestros, lenguas , y confusión (3: 1-12) - Parte 2: sabiduría de arriba (3: 13-18) - Tercer discurso: contienda en la iglesia como falta de fe (4: 1-12) - Parte 1: concupiscencias y arrepentimiento (4: 1-10) - Parte 2: difamación y censura (4: 11-12) - Interjección: dos oráculos de advertencia (4: 13-5: 6) - Oráculo 1: advertencia a los comerciantes (4: 13-17 ) - Oráculo 2: advertencia a los propietarios (5: 1-6) - Cuarto discurso: mirando a Dios (5: 7-18) - - Parte 1: fe y paciencia (5: 7-11) - Versículo puente: prohibición de juramentos (5:12) - Parte 2: fe y oración (5: 13-18) - Exhortación final ión: responsabilidad mutua y bendición (5: 19-20) - Excursus 1: la fe como preocupación central de Santiago - Excursus 2: fe, obras y justificación en Santiago y Pablo - Excursus 3: Santiago y la sabiduría - Excursus 4: Santiago y sufrimiento.
563 _aTapa dura
630 0 7 _aBiblia.
_pJuan
630 0 7 _aBiblia
_vComentarios
830 0 _aBaker exegetical commentary on the New Testament.
942 _cREF
945 _aJTF-925
999 _c66696
_d66696